[Event "Colonia de Sant Jordi op-B"]
[Site "Colonia de Sant Jordi"]
[Date "2022.06.04"]
[Round "3"]
[White "Hidalgo Maireles, Juan Carlos"]
[Black "Ferenczi, Oliver"]
[Result "1-0"]
[WhiteElo "1700"]
[BlackElo "1255"]
[PlyCount "110"]
[EventDate "2022.06.03"]
[EventType "swiss"]
[EventRounds "6"]
[EventCountry "ESP"]
[SourceTitle "CBM 208 Extra"]
[Source "ChessBase"]
[SourceDate "2022.07.31"]
[SourceVersion "1"]
[SourceVersionDate "2022.07.31"]
[SourceQuality "1"]

1. d4 f5 2. c4 Nf6 3. Nf3 e6 4. a3 Be7 5. e3 b6 6. Be2 Bb7 7. Nbd2 0-0 8. 0-0 Qe8 9. Ne5 d6 10. Bf3 Bxf3 11. Nexf3 Qg6 12. b4 Nbd7 13. Bb2 Rae8 14. Qb3 Bd8 15. Rac1 Ne4 16. Qc2 Nxd2 17. Qxd2 Nf6 18. Qc2 c5 19. dxc5 bxc5 20. bxc5 dxc5 21. Ne5 Qh5 22. Qd1 Qxd1 23. Rfxd1 Bb6 24. Nd7 Nxd7 25. Rxd7 Rf7 26. Rcd1 Kf8 27. Be5 Rxd7 28. Rxd7 Rd8 29. Bxg7+ Ke8 30. Rxd8+ Kxd8 31. Kf1 Ba5 32. Ke2 Kd7 33. Kd3 Be1 34. f3 Kd6 35. Bc3 Bh4 36. g3 Bd8 37. g4 a5 38. a4 Bc7 39. h3 Ke7 40. e4 fxg4 41. hxg4 Kf7 42. Ke3 e5 43. Kf2 Kg6 44. Kg3 Kg5 45. Bd2+ Kg6 46. f4 Kf6 47. g5+ Kg6 48. Kg4 exf4 49. Bxf4 Bd8 50. e5 Kf7 51. Kf5 Be7 52. Be3 Bf8 53. e6+ Ke7 54. Bxc5+ Ke8 55. Bxf8 Kxf8 1-0